| 000 | 01050nam a22003377a 4500 | ||
|---|---|---|---|
| 003 | DO-SdBNP | ||
| 005 | 20180226101734.0 | ||
| 008 | 001120s 2000 sp a ||| ||spa | ||
| 016 | 7 |
_a _2BPMSU |
|
| 017 |
_a _b |
||
| 020 | _a8422681633 | ||
| 035 | _a | ||
| 040 |
_aBPMSU _bspa _cBPMSU _e |
||
| 041 | 1 |
_aspa _h |
|
| 080 | 0 | _a | |
| 082 | 4 |
_a833.92 _bB848u |
|
| 100 | 1 |
_aBrezina, Thomas _d1963- |
|
| 240 | 1 | 0 |
_aAlle meine monster Spuk in der Schule. _lEspañol |
| 245 | 1 | 0 |
_aFantasmas en el colegio / _cThomas Brezina ; ilustraciones Bernhard Förth ; traducción José Antonio Santiago-Tagle _h |
| 260 |
_aBarcelona : _bCírculo de Lectores, _c2000. |
||
| 300 |
_a125 p. : _bil.; _c20 cm. |
||
| 490 | 1 | _aTodos mis monstruos | |
| 650 | 4 | _aCUENTOS INFANTILES ALEMANES | |
| 650 | 4 | _aLITERATURA INFANTIL ALEMANA | |
| 700 | 1 | 2 |
_aFörth, Bernhard, _eil. |
| 700 | 1 |
_aSantiago-Tagle,José Antonio, _etr. |
|
| 830 | 0 | _aTodos mis monstruos | |
| 942 |
_2ddc _cBK |
||
| 945 | _aInventariado, 2018 /LP | ||
| 956 |
_aYLOCKWARD _b10 _cBPMSU |
||
| 999 |
_c9722 _d9722 |
||